Ohio Cities: Sudden Death - Statistics

General Stats
  • This quiz has been taken 385 times
  • The average score is 10 of 14
Answers on the Grid
Answers color-coded by a green-red scale on the quiz's grid according to % correct below.
South Bend
Youngstown
Gary
Columbus
Columbia
Toledo
Cleveland
Akron
Scranton
Bend
Cincinnati
Dayton
Parma
Murfreesboro
Canton
Hamilton
Smithfield
Erie
Allentown
Milwaukee
Lorain
Kettering
Cuyahoga Falls
Kenosha
Springfield
 
Answer Stats
Answer % Correct
Columbus
92%
Cleveland
89%
Cincinnati
86%
Akron
84%
Toledo
84%
Dayton
83%
Youngstown
82%
Canton
73%
Cuyahoga Falls
61%
Springfield
55%
Parma
54%
Hamilton
52%
Lorain
51%
Kettering
46%
No matching quizzes found
Score Distribution
Percent of People with Each Score
Percentile by Number Answered
Your Score History
You have not taken this quiz